Konsep imamat menurut Imam al-Haramain (W.478 H/1085 M) /
Saved in:
| Main Author: | |
|---|---|
| Format: | Thesis |
| Language: | Indonesian English |
| Published: |
Jakarta :
Universitas Islam Negeri Syarif (UIN) Hidayatullah,
2004
|
| Subjects: | |
| Tags: |
Add Tag
No Tags, Be the first to tag this record!
|
| LEADER | 015440000a22003490004500 | ||
|---|---|---|---|
| 001 | 487033 | ||
| 005 | 20230417220703.0 | ||
| 008 | t2004 io ind d | ||
| 035 | |a (Sirsi) 487033 | ||
| 040 | |a UIAM |b eng | ||
| 041 | |a ind |h eng | ||
| 050 | |a BP166.94 | ||
| 100 | 1 | |a Nurrohman |9 71738 | |
| 245 | 1 | 0 | |a Konsep imamat menurut Imam al-Haramain (W.478 H/1085 M) / |c oleh Nurrohman |
| 260 | |a Jakarta : |b Universitas Islam Negeri Syarif (UIN) Hidayatullah, |c 2004 | ||
| 300 | |a 358 leaves ; |c 30 cm. | ||
| 336 | |2 rdacontent | ||
| 337 | |2 rdamedia | ||
| 338 | |2 rdacarrier | ||
| 500 | |a "Disertasi diajukan untuk memenuhi salah satu syarat memperoleh Gelar Doktor dalam Ilmu Agama Islam."--On t.p. | ||
| 502 | |a Thesis (Ph.D.)--Universitas Islam Negeri Syarif Hidayatullah Jakarta, 2004. | ||
| 504 | |a Includes bibliographical references. | ||
| 546 | |a Text in Indonesian and English. | ||
| 600 | 1 | 0 | |a Imam al-Haramayn al-Juwayni, 'Abd al-Malik ibn 'Abd Allah, |d 1028-1085 |x Views on imamate |9 71739 |
| 600 | 1 | 0 | |a Imam al-Haramayn al-Juwayni, 'Abd al-Malik ibn 'Abd Allah, |d 1028-1085. |t Ghiyath al-umam fi al-tiyath al-zulm. |9 71740 |
| 650 | 0 | |a Imamate |9 27283 | |
| 655 | 0 | 7 | |a Theses, Facsimile edition (Islamic) |
| 710 | 2 | |a Universitas Islam Negeri (UIN) Syarif Hidayatullah Jakarta. |9 71741 | |
| 900 | |a amr-hj-mz-his-naw | ||
| 942 | |2 lcc |n 0 | ||
| 999 | |c 433532 |d 465092 | ||
| 952 | |0 0 |6 TI BP 000166.94 N974K 2004 |7 0 |8 THESES |9 752038 |a IIUM |b IIUM |c MULTIMEDIA |g 239.20 |o ti BP 166.94 N974K 2004 |p 00011170054 |r 2017-10-23 |t 1 |v 239.20 |y THESIS | ||
